[Event "DVM U14 2010"]
[Site "Magdeburg GER"]
[Date "2010.12.29"]
[Round "6"]
[White "Buchberger, Sascha"]
[Black "Jansen, Lauritz"]
[Result "1-0"]
[Termination "normal"]
[Board "8.1"]
[WhiteElo "1784"]
[BlackElo "1790"]
[WhiteTeam "SK Kriegshaber"]
[BlackTeam "SG KK Hohentübingen"]
[PlyCount "113"]
[WhiteFideId "24690180"]
[BlackFideId "4641418"]
[EventCountry "GER"]
[EventRounds "7"]
[EventType "team-swiss"]
[EventDate "2010.12.26"]

1. e4 c5 2. c3 Nf6 3. e5 Nd5 4. d4 cxd4 5. Nf3 e6 6. cxd4 d6 7. Be2 Be7 8. O-O
O-O 9. Nc3 Nxc3 10. bxc3 Qc7 11. Qb3 Nc6 12. Ba3 b6 13. exd6 Bxd6 14. Bxd6 Qxd6
15. Nd2 Na5 16. Qc2 Bb7 17. Ne4 Bxe4 18. Qxe4 Qd5 19. Qxd5 exd5 20. Bf3 Rfd8
21. Rfe1 Nc4 22. Re7 b5 23. Rae1 Nb6 24. Kf1 a6 25. Rb7 Nc4 26. Ree7 Nd6 27.
Rbd7 Rxd7 28. Rxd7 Ne4 29. Rxd5 Nd2+ 30. Ke2 Nxf3 31. Kxf3 Kf8 32. Ke2 Ke7 33.
a4 Rb8 34. axb5 axb5 35. Kd3 Ke6 36. Re5+ Kd6 37. Ke4 g6 38. g4 f6 39. Rd5+ Kc6
40. Rc5+ Kd6 41. f4 b4 42. cxb4 Rxb4 43. Ra5 Rb6 44. Ra7 Rb1 45. Ra6+ Ke7 46.
Kd5 Rb5+ 47. Kc6 Rb4 48. Ra7+ Kd8 49. Kc5 Rb2 50. Rxh7 Rf2 51. Rg7 Rxh2 52.
Rxg6 Rh4 53. Kd6 Kc8 54. Ke6 Kc7 55. Kxf6 Rh1 56. d5 Kd6 57. Rg5 1-0

[Event "DVM U14 2010"]
[Site "Magdeburg GER"]
[Date "2010.12.29"]
[Round "6"]
[White "Müller, Nils Samuel"]
[Black "Baiter, Christoph"]
[Result "1-0"]
[Termination "normal"]
[Board "8.2"]
[WhiteElo "1665"]
[BlackElo "1487"]
[WhiteTeam "SG KK Hohentübingen"]
[BlackTeam "SK Kriegshaber"]
[PlyCount "87"]
[WhiteFideId "24654361"]
[EventCountry "GER"]
[EventRounds "7"]
[EventType "team-swiss"]
[EventDate "2010.12.26"]

1. e4 e6 2. d4 d5 3. Nc3 Nf6 4. Bg5 Be7 5. e5 Nfd7 6. Bxe7 Qxe7 7. f4 b6 8. Nf3
Ba6 9. Bxa6 Nxa6 10. a3 O-O 11. Qd3 Nab8 12. O-O c6 13. f5 f6 14. fxe6 Qxe6 15.
Rae1 fxe5 16. Nxe5 Rxf1+ 17. Qxf1 Nxe5 18. Rxe5 Qc8 19. Re7 Qf8 20. Qe2 Na6 21.
Qe6+ Kh8 22. Qxc6 Rb8 23. Nxd5 Rc8 24. Qe6 Rxc2 25. Qf7 Rc1+ 26. Kf2 Rc2+ 27.
Kf3 Rc8 28. Rxa7 Nb8 29. Nxb6 Re8 30. Qxf8+ Rxf8+ 31. Ke4 Nc6 32. Ra8 Nd8 33.
d5 Kg8 34. a4 Re8+ 35. Kd4 Kf7 36. Ra7+ Kg6 37. Rd7 Nf7 38. a5 Rb8 39. Kc5 Ne5
40. Rd6+ Kf5 41. a6 Rxb6 42. Kxb6 Nc4+ 43. Kc6 Nxd6 44. Kxd6 1-0

[Event "DVM U14 2010"]
[Site "Magdeburg GER"]
[Date "2010.12.29"]
[Round "6"]
[White "Migesel, Philipp"]
[Black "Grabowski, Felix"]
[Result "0-1"]
[Termination "normal"]
[Board "8.4"]
[WhiteElo "1070"]
[BlackElo "1195"]
[WhiteTeam "SG KK Hohentübingen"]
[BlackTeam "SK Kriegshaber"]
[PlyCount "56"]
[WhiteFideId "1270285"]
[EventCountry "GER"]
[EventRounds "7"]
[EventType "team-swiss"]
[EventDate "2010.12.26"]

1. e4 c5 2. Nf3 e6 3. d4 cxd4 4. Nxd4 a6 5. Be2 b5 6. a3 Bb7 7. Bf3 Qc7 8. Nc3
d6 9. g4 h6 10. Bd2 Nf6 11. g5 hxg5 12. Bxg5 Nbd7 13. Qe2 Be7 14. O-O-O Rc8 15.
Rhg1 Qa5 16. Qe3 b4 17. Nb1 Qc7 18. Rd2 a5 19. Bxf6 Bxf6 20. Rg2 Nb6 21. Be2 d5
22. f3 Rh3 23. Bb5+ Kd8 24. a4 Nc4 25. Bxc4 Qxc4 26. Qb3 Qf1+ 27. Rd1 Qxg2 28.
Rd2 Bg5 0-1

[Event "DVM U14 2010"]
[Site "Magdeburg GER"]
[Date "2010.12.30"]
[Round "7"]
[White "Sawlin, Leonid"]
[Black "Grötzbach, Julian"]
[Result "1-0"]
[Termination "normal"]
[Board "1.1"]
[WhiteElo "1940"]
[BlackElo "1879"]
[WhiteTeam "TuS Makkabi Berlin"]
[BlackTeam "Hamburger SK von 1830"]
[PlyCount "85"]
[WhiteFideId "4689542"]
[BlackFideId "24600938"]
[EventCountry "GER"]
[EventRounds "7"]
[EventType "team-swiss"]
[EventDate "2010.12.26"]

1. e4 c5 2. Nf3 d6 3. Bb5+ Bd7 4. Bxd7+ Qxd7 5. c4 g6 6. Nc3 Bg7 7. d4 cxd4 8.
Nxd4 Nc6 9. Nde2 Nf6 10. f3 O-O 11. Be3 Rab8 12. O-O a6 13. Bb6 Ne5 14. b3 Qc6
15. Ba7 Rbc8 16. Be3 b5 17. cxb5 axb5 18. Rc1 Qb7 19. Nf4 Ned7 20. Ncd5 Nxd5
21. Nxd5 Nf6 22. Nf4 Rxc1 23. Qxc1 Rc8 24. Qd2 Nd7 25. Nd5 Nf6 26. Nb6 Rc6 27.
Qa5 Rc2 28. Rf2 Rxf2 29. Kxf2 Qc6 30. h3 h5 31. Qa8+ Qxa8 32. Nxa8 Ne8 33. a4
bxa4 34. bxa4 d5 35. exd5 Nd6 36. a5 Nb5 37. a6 Be5 38. Nb6 Bb8 39. Nc8 Kg7 40.
a7 Nxa7 41. Bxa7 Bxa7+ 42. Nxa7 Kf6 43. Nc6 1-0

[Event "DVM U14 2010"]
[Site "Magdeburg GER"]
[Date "2010.12.30"]
[Round "7"]
[White "Grötzbach, Daniel"]
[Black "Lagunow, Elina"]
[Result "1-0"]
[Termination "normal"]
[Board "1.2"]
[WhiteElo "1775"]
[BlackElo "1759"]
[WhiteTeam "Hamburger SK von 1830"]
[BlackTeam "TuS Makkabi Berlin"]
[PlyCount "65"]
[WhiteFideId "24692166"]
[BlackFideId "4673387"]
[EventCountry "GER"]
[EventRounds "7"]
[EventType "team-swiss"]
[EventDate "2010.12.26"]

1. e4 c5 2. Nf3 Nc6 3. d4 cxd4 4. Nxd4 g6 5. c4 Bg7 6. Be3 Nf6 7. Nc3 O-O 8.
Be2 b6 9. Qd2 Bb7 10. f3 Nh5 11. Nc2 f5 12. exf5 gxf5 13. g4 f4 14. gxh5 fxe3
15. Qxe3 e6 16. O-O-O Qf6 17. Rhg1 Kh8 18. Kb1 Rad8 19. Rg3 d5 20. cxd5 exd5
21. Qf2 d4 22. Ne4 Qe5 23. Bd3 Bc8 24. Rdg1 Bh6 25. Qg2 Qxh5 26. Nf6 Qf7 27.
Nxh7 Rfe8 28. Bg6 Qe6 29. Bxe8 Rxe8 30. Nf6 Qxf6 31. Rg8+ Kh7 32. Rxe8 Bg7 33.
Rxc8 1-0

[Event "DVM U14 2010"]
[Site "Magdeburg GER"]
[Date "2010.12.30"]
[Round "7"]
[White "Lagunow, Raphael"]
[Black "Kramer, Julian"]
[Result "1/2-1/2"]
[Termination "normal"]
[Board "1.3"]
[WhiteElo "1609"]
[BlackElo "1816"]
[WhiteTeam "TuS Makkabi Berlin"]
[BlackTeam "Hamburger SK von 1830"]
[PlyCount "98"]
[WhiteFideId "24652644"]
[BlackFideId "12921742"]
[EventCountry "GER"]
[EventRounds "7"]
[EventType "team-swiss"]
[EventDate "2010.12.26"]

1. Nf3 c5 2. g3 Nc6 3. Bg2 d5 4. d4 e6 5. O-O Qb6 6. dxc5 Bxc5 7. Nbd2 Nf6 8.
Nb3 Be7 9. Be3 Qc7 10. c3 O-O 11. h3 Bd6 12. Nbd4 Nxd4 13. Nxd4 Bd7 14. a4 Ne4
15. Nb5 Bxb5 16. axb5 Bc5 17. Bxc5 Qxc5 18. Qd3 Nd6 19. Rfc1 Qxb5 20. Qxb5 Nxb5
21. c4 Nd4 22. Rd1 Nc2 23. Rac1 Nb4 24. cxd5 exd5 25. Bxd5 Nxd5 26. Rxd5 Rac8
27. Rxc8 Rxc8 28. Rd7 Rb8 29. Kg2 g6 30. Kf3 a6 31. e4 b5 32. Ra7 Rb6 33. Ke3
Rc6 34. e5 Rc2 35. Ra8+ Kg7 36. Ra7 Kg8 37. Ra8+ Kg7 38. Ra7 Kf8 39. Rxa6 Rxb2
40. Ra7 b4 41. Rb7 b3 42. Kf3 Rb1 43. Kg2 h5 44. f4 b2 45. g4 hxg4 46. hxg4 Ke8
47. f5 gxf5 48. gxf5 Kf8 49. Kh2 Re1 1/2-1/2

[Event "DVM U14 2010"]
[Site "Magdeburg GER"]
[Date "2010.12.30"]
[Round "7"]
[White "Sander, Jean Louis"]
[Black "Polutskyi, Sergii"]
[Result "0-1"]
[Termination "normal"]
[Board "1.4"]
[WhiteElo "1822"]
[BlackElo "1754"]
[WhiteTeam "Hamburger SK von 1830"]
[BlackTeam "TuS Makkabi Berlin"]
[PlyCount "50"]
[WhiteFideId "12903280"]
[BlackFideId "14129310"]
[EventCountry "GER"]
[EventRounds "7"]
[EventType "team-swiss"]
[EventDate "2010.12.26"]

1. e4 e5 2. Nf3 Nc6 3. d4 exd4 4. Nxd4 Nf6 5. Nc3 Bb4 6. Nxc6 bxc6 7. Bd3 d5 8.
exd5 cxd5 9. O-O O-O 10. Bg5 c6 11. Ne2 h6 12. Bh4 Bd6 13. Kh1 c5 14. c3 Rb8
15. Qc1 Re8 16. c4 Be5 17. Rb1 dxc4 18. Bxc4 Bf5 19. f4 Bd4 20. Nxd4 cxd4 21.
Ra1 d3 22. Rf2 Qd4 23. Bxf6 Qxf2 24. Bc3 Rbd8 25. Qd2 Re2 0-1

[Event "DVM U14 2010"]
[Site "Magdeburg GER"]
[Date "2010.12.30"]
[Round "7"]
[White "Urban, Lars"]
[Black "Simanowski, Mio"]
[Result "1-0"]
[Termination "normal"]
[Board "2.1"]
[WhiteElo "1881"]
[BlackElo "1859"]
[WhiteTeam "SV Empor Erfurt"]
[BlackTeam "SV Mülheim Nord"]
[PlyCount "99"]
[WhiteFideId "4644034"]
[BlackFideId "24687154"]
[EventCountry "GER"]
[EventRounds "7"]
[EventType "team-swiss"]
[EventDate "2010.12.26"]

1. d4 d5 2. c4 c6 3. Nc3 Nf6 4. Nf3 Nbd7 5. cxd5 cxd5 6. Bf4 e6 7. a3 Be7 8. e3
O-O 9. Bd3 Nh5 10. Bg3 Nb6 11. Ne5 Nf6 12. O-O Nbd7 13. Qc2 h6 14. b4 Nxe5 15.
Bxe5 Bd6 16. Bxd6 Qxd6 17. Nb5 Qb6 18. Rfc1 Bd7 19. Qc5 Rfc8 20. Nc7 Rab8 21.
a4 Ne8 22. Qxb6 axb6 23. Nxe8 Bxe8 24. b5 Ra8 25. Rxc8 Rxc8 26. Kf1 Kf8 27. Ke2
Ke7 28. Kd2 Kd6 29. e4 f6 30. f4 e5 31. fxe5+ fxe5 32. dxe5+ Kxe5 33. exd5 Kxd5
34. Re1 Kd6 35. Re4 Bg6 36. Rd4+ Ke5 37. Rd7 Bxd3 38. Kxd3 Ra8 39. Rxg7 Rxa4
40. Rxb7 Rd4+ 41. Ke3 Rd6 42. Re7+ Kf5 43. Rf7+ Kg5 44. Rc7 Kf5 45. Rc6 Rxc6
46. bxc6 Ke6 47. g4 Kd6 48. h4 Kxc6 49. g5 hxg5 50. h5 1-0

[Event "DVM U14 2010"]
[Site "Magdeburg GER"]
[Date "2010.12.30"]
[Round "7"]
[White "Stoer, Nathan"]
[Black "Zahn, Alina"]
[Result "1/2-1/2"]
[Termination "normal"]
[Board "2.2"]
[WhiteElo "1589"]
[BlackElo "1584"]
[WhiteTeam "SV Mülheim Nord"]
[BlackTeam "SV Empor Erfurt"]
[PlyCount "45"]
[WhiteFideId "1271569"]
[BlackFideId "24696730"]
[EventCountry "GER"]
[EventRounds "7"]
[EventType "team-swiss"]
[EventDate "2010.12.26"]

1. Nf3 d5 2. b3 Nf6 3. Bb2 e6 4. e3 Be7 5. c4 O-O 6. Nc3 c5 7. d4 dxc4 8. Bxc4
b6 9. O-O Bb7 10. Qe2 Qc7 11. Rfd1 a6 12. a4 Bd6 13. h3 cxd4 14. Nxd4 Rd8 15.
Rac1 Qe7 16. Nf3 Nbd7 17. Rc2 Nc5 18. Rcd2 Nce4 19. Nxe4 Nxe4 20. Rd4 Nf6 21.
R4d2 Ne4 22. Rd4 Nf6 23. R4d2 1/2-1/2

[Event "DVM U14 2010"]
[Site "Magdeburg GER"]
[Date "2010.12.30"]
[Round "7"]
[White "Schneider, Jan"]
[Black "Kremer, Moritz"]
[Result "0-1"]
[Termination "normal"]
[Board "2.3"]
[WhiteElo "1765"]
[BlackElo "1582"]
[WhiteTeam "SV Empor Erfurt"]
[BlackTeam "SV Mülheim Nord"]
[PlyCount "117"]
[WhiteFideId "24678716"]
[BlackFideId "1270623"]
[EventCountry "GER"]
[EventRounds "7"]
[EventType "team-swiss"]
[EventDate "2010.12.26"]

1. d4 d5 2. c4 c6 3. Nc3 Nf6 4. Nf3 Nbd7 5. Bg5 e6 6. e3 Bb4 7. cxd5 cxd5 8.
Bxf6 Bxc3+ 9. bxc3 Nxf6 10. Bd3 O-O 11. O-O b6 12. Rb1 Qc7 13. Qc2 Bb7 14. Rfc1
Rfc8 15. h3 h6 16. a4 Rab8 17. Qa2 Qd6 18. a5 Bc6 19. axb6 axb6 20. Qa6 Nd7 21.
Qa2 Ra8 22. Qb2 Qa3 23. Qb4 Ra4 24. Qxa3 Rxa3 25. Bb5 Bxb5 26. Rxb5 Raxc3 27.
Rxc3 Rxc3 28. Ne5 Nxe5 29. dxe5 Rc6 30. Kf1 Kf8 31. Ke2 Ke7 32. Kd3 Kd7 33. e4
dxe4+ 34. Kxe4 Kc7 35. Rb2 Kb7 36. Kd4 Rc7 37. f4 Rd7+ 38. Ke4 g6 39. g4 Rd1
40. Rb3 Re1+ 41. Kf3 Rc1 42. Ke4 Kc6 43. Ra3 b5 44. Rb3 Rc4+ 45. Ke3 b4 46. Rd3
Rc3 47. Rxc3+ bxc3 48. Kd3 Kd5 49. Kxc3 Ke4 50. f5 exf5 51. g5 hxg5 52. Kd2
Kxe5 53. Ke3 f4+ 54. Kf3 f5 55. Kf2 g4 56. h4 Ke4 57. h5 gxh5 58. Kg2 f3+ 59.
Kf2 0-1

[Event "DVM U14 2010"]
[Site "Magdeburg GER"]
[Date "2010.12.30"]
[Round "7"]
[White "Teich, Thomas"]
[Black "Hoffmann, Dustin"]
[Result "1-0"]
[Termination "normal"]
[Board "3.2"]
[WhiteElo "1629"]
[BlackElo "1751"]
[WhiteTeam "USV TU Dresden"]
[BlackTeam "SV Merseburg"]
[PlyCount "93"]
[BlackFideId "1270566"]
[EventCountry "GER"]
[EventRounds "7"]
[EventType "team-swiss"]
[EventDate "2010.12.26"]

1. e4 c5 2. Nf3 Nc6 3. Bb5 g6 4. O-O Bg7 5. c3 a6 6. Bxc6 bxc6 7. d4 cxd4 8.
cxd4 Nf6 9. Nc3 O-O 10. Re1 Bb7 11. Bd2 d5 12. e5 Nd7 13. b4 e6 14. Na4 Qe7 15.
Qc2 Rfc8 16. Reb1 Rab8 17. Ne1 f6 18. f4 fxe5 19. fxe5 Rf8 20. Nf3 Ba8 21. Bg5
Qf7 22. Qe2 Bb7 23. Nh4 h6 24. Rf1 Qe8 25. Rxf8+ Bxf8 26. Bd2 Kh7 27. Rf1 Bg7
28. Qd3 Nf8 29. Nc5 Qe7 30. g3 Ra8 31. Rf4 Ra7 32. Qc2 Qe8 33. Rf3 Bc8 34. Ra3
Nd7 35. Nxd7 Bxd7 36. Qc5 Ra8 37. Qb6 Qc8 38. Rf3 Qb8 39. Qa5 Qd8 40. Qc5 Bf8
41. Qc2 Qe8 42. Qd3 Be7 43. Nxg6 Kg7 44. Nxe7 Qxe7 45. Rf6 Be8 46. Bxh6+ Kh8
47. Rf8+ 1-0

[Event "DVM U14 2010"]
[Site "Magdeburg GER"]
[Date "2010.12.30"]
[Round "7"]
[White "Feuerherdt, Martin"]
[Black "Thamm, Merlin Jannes"]
[Result "1-0"]
[Termination "normal"]
[Board "3.3"]
[WhiteElo "1471"]
[BlackElo "1735"]
[WhiteTeam "SV Merseburg"]
[BlackTeam "USV TU Dresden"]
[PlyCount "59"]
[WhiteFideId "12910341"]
[BlackFideId "24695564"]
[EventCountry "GER"]
[EventRounds "7"]
[EventType "team-swiss"]
[EventDate "2010.12.26"]

1. e4 c6 2. d4 d5 3. f3 e5 4. dxe5 Bc5 5. Nc3 Qb6 6. Na4 Bf2+ 7. Ke2 Qa6+ 8.
Kxf2 Qxa4 9. exd5 cxd5 10. b3 Qc6 11. Bb2 Bf5 12. c4 Ne7 13. Rc1 dxc4 14. Bxc4
Qg6 15. Ba3 Nbc6 16. Bb5 Rc8 17. Ne2 a6 18. Bxe7 Kxe7 19. Nf4 Qh6 20. Nd5+ Kf8
21. Bxc6 Rxc6 22. Nb4 Ke7 23. Nxc6+ bxc6 24. Qd4 Rd8 25. Qb4+ Ke8 26. Rhd1 Qxh2
27. Rxd8+ Kxd8 28. Qb8+ Ke7 29. Qd6+ Ke8 30. Qxc6+ 1-0

[Event "DVM U14 2010"]
[Site "Magdeburg GER"]
[Date "2010.12.30"]
[Round "7"]
[White "Schulte, Heiko"]
[Black "Jacob, Hannes"]
[Result "0-1"]
[Termination "normal"]
[Board "3.4"]
[WhiteElo "1387"]
[BlackElo "1532"]
[WhiteTeam "USV TU Dresden"]
[BlackTeam "SV Merseburg"]
[PlyCount "78"]
[BlackFideId "12910350"]
[EventCountry "GER"]
[EventRounds "7"]
[EventType "team-swiss"]
[EventDate "2010.12.26"]

1. e4 e5 2. Nf3 Nc6 3. Bb5 Bc5 4. O-O Nf6 5. Re1 d6 6. h3 Bd7 7. c3 a6 8. Ba4
Bb6 9. d4 Qe7 10. Bc2 O-O-O 11. d5 Nb8 12. c4 h6 13. b4 g5 14. Nh2 Bd4 15. Nd2
Bxa1 16. Nb3 Bc3 17. Bd2 Bxd2 18. Qxd2 g4 19. h4 g3 20. fxg3 Rhg8 21. Nf1 Ng4
22. Qc3 Rdf8 23. c5 Qf6 24. Rc1 Bb5 25. Nbd2 h5 26. Nf3 Qh6 27. Bb3 Bxf1 28.
Kxf1 Ne3+ 29. Kf2 Ng4+ 30. Kf1 Rg7 31. Ng5 Qf6+ 32. Kg1 Qf2+ 33. Kh1 Ne3 34.
Rg1 Qxg3 35. cxd6 f6 36. Nh3 Rfg8 37. a4 Qxh3+ 38. gxh3 Rxg1+ 39. Kh2 R8g2# 0-1

[Event "DVM U14 2010"]
[Site "Magdeburg GER"]
[Date "2010.12.30"]
[Round "7"]
[White "Kulok, Solomon"]
[Black "Mittelstädt, Joel"]
[Result "1/2-1/2"]
[Termination "normal"]
[Board "4.1"]
[WhiteElo "1638"]
[BlackElo "1643"]
[WhiteTeam "Noris-Tarrasch Nürnberg"]
[BlackTeam "SC GW Baumschulenweg"]
[PlyCount "95"]
[WhiteFideId "24652210"]
[BlackFideId "12910368"]
[EventCountry "GER"]
[EventRounds "7"]
[EventType "team-swiss"]
[EventDate "2010.12.26"]

1. e4 c6 2. Nc3 d5 3. Nf3 Bg4 4. Be2 Bxf3 5. Bxf3 d4 6. Ne2 e5 7. d3 Bb4+ 8. c3
Ba5 9. O-O c5 10. c4 Nc6 11. g3 Nge7 12. Bg2 O-O 13. f4 f6 14. Kh1 Bc7 15. a3
a6 16. f5 Kf7 17. Ng1 Rh8 18. Qh5+ g6 19. fxg6+ hxg6 20. Qf3 Qd6 21. Bg5 f5 22.
exf5 Nxf5 23. Bh3 Kg7 24. Qe4 Raf8 25. Kg2 Bd8 26. Bxf5 Bxg5 27. Bg4 Be3 28.
Nf3 Rf7 29. h4 Na5 30. Qxe5+ Qxe5 31. Nxe5 Re7 32. Nd7 Nb3 33. Rad1 Rd8 34. Nb6
Rf8 35. Rxf8 Kxf8 36. Nd5 Rf7 37. Nxe3 dxe3 38. Rf1 Nd4 39. Rxf7+ Kxf7 40. Kf1
a5 41. Ke1 Kf6 42. Bd1 Kf5 43. Kf1 b6 44. Ke1 Ke5 45. Ba4 Kf5 46. Bd7+ Ke5 47.
Be8 Kf5 48. Bd7+ 1/2-1/2

[Event "DVM U14 2010"]
[Site "Magdeburg GER"]
[Date "2010.12.30"]
[Round "7"]
[White "Teschke, Max"]
[Black "Myagkov, Kirill"]
[Result "0-1"]
[Termination "normal"]
[Board "4.2"]
[WhiteElo "1635"]
[BlackElo "1829"]
[WhiteTeam "SC GW Baumschulenweg"]
[BlackTeam "Noris-Tarrasch Nürnberg"]
[PlyCount "132"]
[WhiteFideId "12910376"]
[BlackFideId "24657042"]
[EventCountry "GER"]
[EventRounds "7"]
[EventType "team-swiss"]
[EventDate "2010.12.26"]

1. e4 d5 2. exd5 Nf6 3. d4 Nxd5 4. c4 Nb6 5. Nc3 Nc6 6. Nf3 Bg4 7. c5 Nd5 8.
Bc4 e6 9. O-O Be7 10. Be3 O-O 11. a3 Qd7 12. Rc1 Bf6 13. Be2 Nde7 14. Qa4 Rad8
15. Rfd1 Qc8 16. h3 Bh5 17. Rd2 Nf5 18. Rcd1 Nxe3 19. fxe3 Ne7 20. e4 Bxf3 21.
Bxf3 c6 22. Qxa7 Bg5 23. Rd3 Ng6 24. Ne2 f5 25. e5 Nh4 26. Qa5 f4 27. Qc3 Nf5
28. Bg4 Ne3 29. Rxe3 fxe3 30. Ng3 g6 31. Ne4 Bf4 32. Nd6 Qc7 33. Qb3 Kg7 34.
Qxe6 Bg3 35. Bf3 Rxf3 36. gxf3 e2 37. Rf1 Rf8 38. Kg2 e1=Q 39. Rxe1 Bxe1 40.
Ne8+ Rxe8 41. Qxe8 Qf7 42. Qc8 Kh6 43. Qg4 Qf5 44. Qe4 Qxe4 45. fxe4 Kg7 46. d5
Kf7 47. Kf3 Bd2 48. b4 Ke7 49. Ke2 Bc1 50. Kd3 Bxa3 51. Kc4 g5 52. b5 h5 53.
bxc6 bxc6 54. dxc6 Bb2 55. Kd5 g4 56. hxg4 hxg4 57. e6 Kd8 58. e5 g3 59. Kd6
Bxe5+ 60. Kxe5 g2 61. Kd6 g1=Q 62. e7+ Ke8 63. Kc7 Qxc5 64. Kb7 Kxe7 65. c7 Kd7
66. Ka8 Qa5+ 0-1

[Event "DVM U14 2010"]
[Site "Magdeburg GER"]
[Date "2010.12.30"]
[Round "7"]
[White "Yarsev, Alexander"]
[Black "Spilke, Paul"]
[Result "0-1"]
[Termination "normal"]
[Board "4.3"]
[WhiteElo "1648"]
[BlackElo "1628"]
[WhiteTeam "Noris-Tarrasch Nürnberg"]
[BlackTeam "SC GW Baumschulenweg"]
[PlyCount "114"]
[WhiteFideId "24690252"]
[EventCountry "GER"]
[EventRounds "7"]
[EventType "team-swiss"]
[EventDate "2010.12.26"]

1. d4 Nf6 2. Bf4 g6 3. Nf3 Bg7 4. Nbd2 d6 5. c3 O-O 6. e4 c5 7. Be2 Nbd7 8. h3
b6 9. O-O Bb7 10. e5 dxe5 11. Nxe5 cxd4 12. cxd4 Nd5 13. Nxd7 Qxd7 14. Be3 Rac8
15. Bf3 e6 16. Qb3 Rfd8 17. Rfd1 Rc7 18. a3 Bc6 19. Rdc1 Ba4 20. Qd3 Rxc1+ 21.
Rxc1 Ne7 22. Nb3 Nf5 23. Bg4 Nxd4 24. Nxd4 Bxd4 25. Rc4 Bxe3 26. Qxe3 Bb5 27.
Rc2 Qd3 28. Qg5 Qd7 29. Rc1 Ba4 30. Rc3 Rc8 31. Rxc8+ Qxc8 32. Qf4 Bc6 33. Qc4
Bb7 34. Qf4 Qd8 35. Qe5 Qc8 36. Qf4 Bd5 37. Qe5 Qc1+ 38. Kh2 Qc8 39. Qf4 Qb7
40. Qg3 Qc8 41. Qf4 Qd8 42. Qe3 Qc7+ 43. Kg1 Kg7 44. Qd4+ f6 45. Qe3 Qc6 46.
Qg3 e5 47. Bf3 Bxf3 48. gxf3 Qc1+ 49. Kg2 Qf4 50. Qg4 Qxg4+ 51. fxg4 f5 52. Kf3
Kf6 53. b3 a6 54. a4 Kg5 55. Kg3 f4+ 56. Kf3 Kh4 57. Ke4 Kxh3 0-1

[Event "DVM U14 2010"]
[Site "Magdeburg GER"]
[Date "2010.12.30"]
[Round "7"]
[White "Siegemund, Georg"]
[Black "Chen, Yilun"]
[Result "1-0"]
[Termination "normal"]
[Board "4.4"]
[WhiteElo "1510"]
[BlackElo "1420"]
[WhiteTeam "SC GW Baumschulenweg"]
[BlackTeam "Noris-Tarrasch Nürnberg"]
[PlyCount "123"]
[BlackFideId "12913219"]
[EventCountry "GER"]
[EventRounds "7"]
[EventType "team-swiss"]
[EventDate "2010.12.26"]

1. d4 d5 2. c4 e6 3. Nc3 f5 4. Nf3 Nf6 5. e3 c6 6. Bd3 Bd6 7. Bd2 O-O 8. Rc1
Ne4 9. cxd5 exd5 10. Qb3 Kh8 11. Qc2 Qe8 12. O-O Qh5 13. Be2 Nd7 14. Ne5 Qh6
15. f4 Ndf6 16. Rf3 Ng4 17. Rh3 Qe6 18. Nxe4 dxe4 19. Bc4 Qf6 20. Bc3 Be6 21.
d5 cxd5 22. Nd7 Qf7 23. Nxf8 Rxf8 24. Be2 Rc8 25. Qd2 Bc5 26. Bd4 Bxd4 27.
Rxc8+ Bxc8 28. Qxd4 b6 29. Rg3 Bd7 30. h4 Nf6 31. Rh3 Qe7 32. b4 Kg8 33. Rh1
Qd6 34. Qc3 Ne8 35. Kf2 Nc7 36. Rc1 Ne6 37. a3 Kf7 38. g3 Qe7 39. Qe5 Nxf4 40.
Qxe7+ Kxe7 41. gxf4 Kd6 42. Rg1 g6 43. h5 Be8 44. hxg6 Bxg6 45. Rh1 Kc6 46. Bh5
Kb5 47. Bxg6 hxg6 48. Rh6 Ka4 49. Rxg6 Kxa3 50. Rg5 Kxb4 51. Rxf5 Kc4 52. Rg5
d4 53. exd4 Kxd4 54. Rb5 Kd3 55. f5 Kd2 56. Rd5+ Kc3 57. f6 a5 58. f7 Kc4 59.
Rd1 b5 60. f8=Q Kb3 61. Qc5 b4 62. Qxa5 1-0

[Event "DVM U14 2010"]
[Site "Magdeburg GER"]
[Date "2010.12.30"]
[Round "7"]
[White "Grigorian, Spartak"]
[Black "Berkes, Alexander"]
[Result "1-0"]
[Termination "normal"]
[Board "5.1"]
[WhiteElo "1869"]
[BlackElo "1842"]
[WhiteTeam "SK Wildeshausen"]
[BlackTeam "SK Langen"]
[PlyCount "61"]
[WhiteFideId "24661490"]
[BlackFideId "12901636"]
[EventCountry "GER"]
[EventRounds "7"]
[EventType "team-swiss"]
[EventDate "2010.12.26"]

1. e4 e6 2. d4 d5 3. Nc3 Nf6 4. e5 Nfd7 5. Nf3 c5 6. dxc5 Bxc5 7. Bd3 Nc6 8.
Bf4 a6 9. O-O b5 10. Re1 Bb7 11. Ng5 Ncxe5 12. Nxe6 fxe6 13. Bxe5 Nxe5 14. Rxe5
Bxf2+ 15. Kh1 Qd6 16. Qh5+ Kd8 17. Qe2 Re8 18. Bf5 Bd4 19. Rxe6 Rxe6 20. Bxe6
b4 21. Na4 Bc6 22. Rd1 Be5 23. Bxd5 Bxd5 24. Nb6 Qxb6 25. Qxe5 Kc8 26. Rxd5 Qg6
27. Rd6 Qxc2 28. Qe6+ Kb8 29. Rb6+ Ka7 30. Rxa6+ Kb7 31. Qb6+ 1-0

[Event "DVM U14 2010"]
[Site "Magdeburg GER"]
[Date "2010.12.30"]
[Round "7"]
[White "Franz, Attila"]
[Black "Finke, Maurice"]
[Result "1-0"]
[Termination "normal"]
[Board "5.2"]
[WhiteElo "1546"]
[BlackElo "1738"]
[WhiteTeam "SK Langen"]
[BlackTeam "SK Wildeshausen"]
[PlyCount "133"]
[WhiteFideId "12927570"]
[BlackFideId "12909580"]
[EventCountry "GER"]
[EventRounds "7"]
[EventType "team-swiss"]
[EventDate "2010.12.26"]

1. e4 c5 2. Nf3 e6 3. Be2 Nc6 4. O-O Qc7 5. Nc3 a6 6. d4 cxd4 7. Nxd4 Nf6 8.
Nb3 Bb4 9. Bd3 Ne5 10. Bd2 Nxd3 11. cxd3 Be7 12. Rc1 Qb8 13. Qe2 d6 14. Be3 b5
15. Rc2 O-O 16. Rfc1 Bd7 17. f3 Rc8 18. Nd1 Rxc2 19. Qxc2 Qd8 20. Qc7 Rc8 21.
Qxd8+ Bxd8 22. Rxc8 Bxc8 23. Kf2 Nd7 24. Nc3 Bb7 25. Ke2 h6 26. Nd1 Kh7 27. Nf2
Kg6 28. Kd2 f5 29. Kc2 Kf6 30. Bd2 Bc7 31. Bc3+ Kf7 32. Ba5 Bxa5 33. Nxa5 Ba8
34. b4 Kf6 35. Nb3 Ke5 36. Kd2 fxe4 37. fxe4 Nb6 38. Ke3 h5 39. Nd4 g6 40. g4
Nd7 41. gxh5 gxh5 42. Nh1 d5 43. Ng3 h4 44. Nf3+ Kf6 45. Nh5+ Kg6 46. Nf4+ Kf6
47. exd5 e5 48. Ne2 Bxd5 49. Nc3 Bxf3 50. Kxf3 Kf5 51. Nd5 Nb8 52. Nc7 Nc6 53.
Nxa6 Nd4+ 54. Kf2 Kf4 55. Nc7 h3 56. Nd5+ Kg4 57. Ke3 Kf5 58. Nc3 Kg4 59. Kf2
Kf4 60. Ne2+ Kg4 61. Nc3 Kf4 62. Nd5+ Kf5 63. Kg3 Ne2+ 64. Kxh3 Nf4+ 65. Nxf4
Kxf4 66. Kg2 Kg4 67. Kf2 1-0

[Event "DVM U14 2010"]
[Site "Magdeburg GER"]
[Date "2010.12.30"]
[Round "7"]
[White "Duchow, Julien"]
[Black "Bingert, Tim Niklas"]
[Result "1-0"]
[Termination "normal"]
[Board "5.3"]
[WhiteElo "1568"]
[BlackElo "1761"]
[WhiteTeam "SK Wildeshausen"]
[BlackTeam "SK Langen"]
[PlyCount "127"]
[BlackFideId "12917907"]
[EventCountry "GER"]
[EventRounds "7"]
[EventType "team-swiss"]
[EventDate "2010.12.26"]

1. e4 c5 2. Nf3 Nc6 3. d4 cxd4 4. Nxd4 g6 5. Nc3 Bg7 6. Be3 Nf6 7. Bc4 O-O 8.
Bb3 d6 9. f3 Bd7 10. Qd2 a6 11. O-O-O Na5 12. Kb1 Nxb3 13. Nxb3 b5 14. g4 Rb8
15. Bh6 a5 16. Bxg7 Kxg7 17. h4 h5 18. g5 Ne8 19. f4 e6 20. Qd4+ Kh7 21. e5 d5
22. Qc5 Nc7 23. Qf2 a4 24. Nc5 Qe7 25. Nxd7 Qxd7 26. Ne4 Qc6 27. Nf6+ Kg7 28.
Rh3 Ne8 29. Rc3 Qb7 30. Qc5 Nxf6 31. gxf6+ Kg8 32. Qe7 Qxe7 33. fxe7 Rfc8 34.
Rdd3 f5 35. Rxc8+ Rxc8 36. Rc3 Re8 37. Rc5 Rxe7 38. Rxb5 Ra7 39. c3 Kf7 40. Kc2
Ke7 41. Kd3 Kd7 42. Rb6 Rc7 43. b3 axb3 44. axb3 Ra7 45. Kd4 Ra2 46. Kc5 Ra5+
47. Kb4 Ra2 48. Rd6+ Ke7 49. Kc5 Rc2 50. c4 dxc4 51. bxc4 Rh2 52. Kb6 Rxh4 53.
c5 Rxf4 54. c6 Re4 55. c7 Rxe5 56. Rd3 Rd5 57. Rxd5 exd5 58. c8=Q Kf6 59. Qd8+
Ke5 60. Qe7+ Kf4 61. Qd6+ Ke3 62. Qxg6 f4 63. Qxh5 d4 64. Qe5+ 1-0